Name the charcters Quiz Stats

 Plays Quiz not verified by Sporcle

Challenge
Share
Tweet
Embed
Score 0/15 Timer 20:00
0 Plays Today
the show what your guessing % Correct
south park kenny
100%
good luck charliepj
50%
family guy peter
50%
eastendersJanine
0%
Hannah Montanajackson
0%
family guy bruce
0%
gleesue
0%
eastendersstacey
0%
the show what your guessing % Correct
family guy joe
0%
gleeWill
0%
zoey 101lola
0%
how i met your mother lily
0%
jackasssteve o
0%
jackassryan
0%
0%

You're not logged in!

Compare scores with friends on all Sporcle quizzes.
Join for Free
OR
Log In

You Might Also Like...

Show Comments

Extras

Created Jul 23, 2012ReportNominate
Tags:Show Quiz, character

Top Quizzes Today


Score Distribution

Your Account Isn't Verified!

In order to create a playlist on Sporcle, you need to verify the email address you used during registration. Go to your Sporcle Settings to finish the process.

Report this User

Report this user for behavior that violates our Community Guidelines.

Details: